Геология и свойства торфяных и сапропелевых месторождений.: сборник научных трудов

Podrobná bibliografie
Korporativní autor: Калининский политехнический институт (КПИ)
Další autoři: Ларгин И. Ф. (редактор)
Jazyk:ruština
Vydáno: Калинин, Изд-во КГУ, 1985
Témata:
Médium: MixedMaterials Kniha
KOHA link:https://koha.lib.tpu.ru/cgi-bin/koha/opac-detail.pl?biblionumber=255885

MARC

LEADER 00000nam0a2200000 4500
001 255885
005 20231101233051.0
035 |a (RuTPU)RU\TPU\book\278502 
090 |a 255885 
100 |a 20140403d1985 k y0rusy50 ca 
101 0 |a rus 
102 |a RU 
105 |a a z 001zy 
200 1 |a Геология и свойства торфяных и сапропелевых месторождений.  |e сборник научных трудов  |f Калининский политехнический институт (КПИ) ; под ред. И. Ф. Ларгина 
210 |a Калинин  |c Изд-во КГУ  |d 1985 
215 |a 112 с.  |c ил. 
320 |a Библиография в конце статей 
606 1 |a Торфяные месторождения  |2 stltpush  |3 (RuTPU)RU\TPU\subj\61097  |9 78305 
610 1 |a сапропелевые отложения 
610 1 |a свойства 
610 1 |a минералы 
610 1 |a озерные отложения 
610 1 |a торфяные залежи 
675 |a 553.97  |v 3 
702 1 |a Ларгин  |b И. Ф.  |4 340 
712 0 2 |a Калининский политехнический институт (КПИ)  |c (1958-1990)  |2 stltpush  |3 (RuTPU)RU\TPU\col\7669 
801 1 |a RU  |b 63413507  |c 20140403 
801 2 |a RU  |b 63413507  |c 20140717  |g RCR 
942 |c BK